| 000 | 00000nam##2200000za#4500 |
| 001 | 9.600385 |
| 003 | CaOODSP |
| 005 | 20210624205544 |
| 007 | cr ||||||||||| |
| 008 | 150406|2003||||xxc|||||o f|0| 0 fre|d |
| 040 | |aCaOODSP|bfre |
| 043 | |an-cn--- |
| 086 | 1 |aNH15-409/2003F-PDF |
| 110 | 2 |aSociété canadienne d'hypothèques et de logement. |
| 245 | 10|aImpôts, droits, frais et taxes sur les logements neufs, 2002 / |h[ressource électronique]|cpar Greg Lampert. |
| 250 | |a[Éd. rév. de NH15-171/1997F-PDF] |
| 260 | |bSociété canadienne d'hypothèques et de logement |c2003. |
| 300 | |a187p.|bgraphiques, tableaux |
| 490 | 1 |aRapport de recherche. Série sur le logement abordable et le financement de l'habitation |
| 500 | |aLe n° de catalogue (NH15-409/2003F) et l’ISBN (0-662-88940-1) de l’édition imprimée bilingue ont été incorrectement copiés dans cette édition électronique. |
| 504 | |aBibliographie. |
| 590 | |a11-04-Supp|b2011-02-17 |
| 720 | 1 |aLampert, Greg |
| 775 | 08|tLevies, fees, charges and taxes on new housing, 2002 / |w(CaOODSP)9.569147 |
| 830 | #0|aRapport de recherche. Série sur le logement abordable et le financement de l'habitation.|w(CaOODSP)9.501301 |
| 856 | 40|ahttp://publications.gc.ca|qPDF|s1.60 Mo|uhttps://publications.gc.ca/collections/collection_2011/schl-cmhc/nh18-1-1/NH15-409-2003-fra.pdf |